Bioanalysis and biosensors for bioprocess monitoring
-д хадгалсан:
| Үндсэн зохиолчид: | , , , , , , , , , , , , , , , , , , , , , , , , |
|---|---|
| Формат: | Ном |
| Хэл сонгох: | англи |
| Хэвлэсэн: |
Berlín
Springer
2000
|
| Цуврал: | Advances in Biochemical Engineering Biotechnology, 66
|
| Нөхцлүүд: | |
| Шошгууд: |
Шошго нэмэх
Шошго байхгүй, Энэхүү баримтыг шошголох эхний хүн болох!
|
MARC
| LEADER | 00000nam a2200000 a 4500 | ||
|---|---|---|---|
| 001 | UCN0861 | ||
| 003 | CL-VaPUC | ||
| 008 | 010406e20000000GW |||||||||||||||||eng|d | ||
| 082 | 0 | 4 | |a 660.63 |b ALS |2 21 |
| 100 | 0 | |a Alsberg, B. K |e author |9 456140 | |
| 700 | 0 | |a Beyer, M |e author |9 456141 | |
| 700 | 0 | |a Broadhurst, D |e author |9 456142 | |
| 700 | 0 | |a Christensen, B |e author |9 456143 | |
| 700 | 0 | |a Davey, H. M |e author |9 456144 | |
| 700 | 0 | |a Gilbert, R. J |e author |9 456145 | |
| 700 | 0 | |a Goodacre, R |e author |9 456146 | |
| 700 | 0 | |a Kaderbhai, N |e author |9 456147 | |
| 700 | 0 | |a Kell, D. B |e author |9 456148 | |
| 700 | 0 | |a Mandenius, C.-F |e author |9 456149 | |
| 700 | 0 | |a McGovern, A. C |e author |9 456150 | |
| 700 | |a Nielsen, Jens |e author |9 578653 | ||
| 700 | 0 | |a Pons, M.-N |e author |9 456152 | |
| 700 | 0 | |a Rowland, J. J |e author |9 456153 | |
| 700 | 0 | |a Schuster, K. C |e author |9 456154 | |
| 700 | 0 | |a Schügerl, K |e author |9 456155 | |
| 700 | 0 | |a Seidel, G |e author |9 456156 | |
| 700 | 0 | |a Shaw, A. D |e author |9 456157 | |
| 700 | 0 | |a Sonnleitner, B |e author |9 456158 | |
| 700 | 0 | |a Taylor, J |e author |9 456159 | |
| 700 | 0 | |a Timmins, E. M |e author |9 456160 | |
| 700 | 0 | |a Tollnick, C |e author |9 456161 | |
| 700 | 0 | |a Vivier, H |e author |9 456162 | |
| 700 | 0 | |a Winson, M. K |e author |9 456163 | |
| 700 | 0 | |a Woodward, A. M |e author |9 456164 | |
| 245 | 1 | 0 | |a Bioanalysis and biosensors for bioprocess monitoring |
| 300 | |a 244 p | ||
| 942 | |c BK | ||
| 945 | |d 20010406 00:00:00 |a cmena | ||
| 260 | |a Berlín |b Springer |c 2000 | ||
| 650 | 0 | |a Ingeniería bioquímica |9 260241 | |
| 650 | 7 | |a ESPECTROSCOPIA QUIMICA |2 CL-VaPUC |9 456165 | |
| 650 | 0 | |a Bioprocesos |9 456166 | |
| 583 | |a last modification |c 20010406 00:00:00 |k Rodrigo Vera | ||
| 490 | 0 | |a Advances in Biochemical Engineering Biotechnology, 66 | |
| 999 | |c 294476 |d 294474 | ||
| 952 | |0 0 |1 0 |4 0 |6 660_630000000000000_ALS_2000 |7 0 |8 A |9 346944 |a BIBING |b BIBING |d 2019-11-20 |i 370873K |o 660.63 ALS 2000 |p 370873K |r 2025-01-20 |w 2019-11-20 |y BK |k EIB | ||